000 004440000a22001690004500
003 MACL
005 20160106134354.0
008 160106b xxu||||| |||| 00| 0 eng d
040 _aMACL
_cMACL
041 _aEnglish
082 _a900/PAR
100 _aParfit, Joseph T.
_928697
245 _aMarvellous Mesopotamia
_bThe worlds Wonderland
260 _aLondon
_bS.W.Partridge & Co. Ltd
650 _aHistory
_928698
942 _cBK
_k900/PAR
_2ddc
999 _c38013
_d38013